Statistics for The Walking Dead Character Names

Click here to take the quiz!

General Stats

  • This quiz has been taken 10,002 times
    (9,285 since last reset)
  • The average score is 17 of 24

Answer Stats

Hint Answer % Correct
Son of RickCarl
98%
Sheriff shot in the begginning, Main LeaderRick
97%
Asian Pizza BoyGlenn
95%
Friend of RickShane
93%
Stayed with Sister until she turned into walkerAndrea
89%
Owner of FarmHershel
89%
Wife of RickLori
88%
Older daughter of HershelMaggie
88%
Wife of EdCarol
86%
Woodsman of the GroupDaryl
85%
Shot CarlOtis
79%
Missing and then found in BarnSophia
78%
Brother of DarylMerle
77%
Youngest daughter of HershelBeth
77%
Owner of RV, Killed in field by zombieDale
77%
Tough Black Guy of groupT-Dog
76%
Saved Ricks life when Rick returned to his homeMorgan
69%
Sister of AndreaAmy
62%
Mechanic who was bit and left at side of roadJim
45%
CDC ScientistEdwin
39%
Stayed behind at CDCJacqui
33%
Girlfriend of OtisPatricia
30%
Boy living with HershelJimmy
27%
PrisonerRandall
19%

Score Distribution

Percentile by Number Answered

Percent of People with Each Score

Your Score History

You have not taken this quiz since the last reset